| 000 | 00350nam a2200145Ia 4500 | ||
|---|---|---|---|
| 008 | 230917s9999||||xx |||||||||||||| ||und|| | ||
| 040 |
_e129769 _aMAIN |
||
| 041 | _aEnglish | ||
| 082 | _a519.5 G643O | ||
| 100 | _aGoon,A M | ||
| 245 | 0 | _aOutline of statistical theory | |
| 260 |
_aCalcutta _bWorld Press _c1991 |
||
| 300 | _axiv,552 p. | ||
| 942 | _cBK | ||
| 999 |
_c71052 _d71052 |
||